| 000 | 00991nam a22002297a 4500 | ||
|---|---|---|---|
| 005 | 20250821164434.0 | ||
| 008 | 250821b |||||||| |||| 00| 0 eng d | ||
| 037 | _cTB | ||
| 040 |
_aCRL _cCRL |
||
| 041 |
_2hin _ahin |
||
| 084 |
_aWxNTH 152M3 _qCRL |
||
| 100 |
_aठुलघरिया, बद्रीसाह _9818464 |
||
| 245 | _aदैशिक - शास्त्र | ||
| 260 |
_aवाराणसी, भारत: _bविश्वविद्यालय प्रकाशन, _c1983. |
||
| 300 | _a154पृ. | ||
| 365 |
_b25.00 _cINR |
||
| 650 |
_aराजनीतिक शास्त्र _9818465 |
||
| 650 | _aदर्शन शास्त्र | ||
| 700 |
_aशाह, गिरिराज _eसम्पादक _9818466 |
||
| 942 |
_2CC _cTB _hWxNTH 152M3 _n0 |
||
| 999 |
_c1434833 _d1434833 |
||